000 00469nam a2200181Ia 4500
001 23957
005 20260414151012.0
008 260414t1988||||xx |||||||||||||| ||spa||
041 _aESP
082 _a726.0985
_bS21
100 _aSan Cristóbal-Sebastián, Antonio
_eAUT
245 0 _aArquitectura virreynal religiosa de Lima texto impreso
_b
260 _c1988
300 _a400 páginas :
_ccm.
650 _aABD
654 _aCAU
942 _cLIB
_dJUS
_fJUS
_2ddc
_n
999 _c23957
_d23957